Chansons de Niska - Album Mr Sal - Statistiques

Statistiques générales
  • Ce quiz a été pris 18 fois
  • Le résultat moyen est 9 sur 18
Statistiques - réponses
Ordre dans l'album Chansons % Correct
09 Méchant
80%
02 Siliconé
80%
04 Bâtiment
73%
10 Mr Sal
67%
17 Médicament
60%
18 Des flingues et des roses
53%
03 La zone est minée
53%
05 Mendoza
53%
12 Hasta luego
47%
14 Stop
47%
01 Vrai
47%
13 Tellement gang
40%
07 Tous les couler
40%
06 Du lundi au lundi
33%
08 Valise
33%
15 J'suis dans les wayes
27%
16 Manu le coq
27%
11 Moula
27%
Aucun quiz correspondant
Distribution des résultats
% des personnes avec chaque résultat
Percentile par nombre de réponses
Votre historique - résultats
Vous n’avez pas pris ce quiz